| 000 | 00480pab a2200181 454500 | ||
|---|---|---|---|
| 008 | 180718b2004 xxu||||| |||| 00| 0 eng d | ||
| 100 | _aSen, Dilip Kumar | ||
| 245 | _aManagerial accountants: their role in the changing environment | ||
| 260 | _c2004 | ||
| 300 | _ap.3-16. | ||
| 362 | _aOct-Mar | ||
| 650 | _aManagement | ||
| 650 | _aAccounting | ||
| 700 | _aBala, Swapan Kumar | ||
| 700 | _aJain, Sugan C. | ||
| 773 | _aJournal of Accounting and Finance | ||
| 909 | _a60176 | ||
| 999 |
_c60176 _d60176 |
||